Geography Quiz

Random Geography or World Quiz

Closest Countries to Ireland Quiz Stats

 Plays Quiz Updated Mar 17, 2018

Score 0/20 Timer 03:00
11 Plays Today
Distance Country % Correct
456.68 kmFrance
98.9%
858.35 kmSpain
97.4%
829.28 kmGermany
96.9%
1,145.73 kmSweden
94.4%
839.23 kmNorway
94.3%
1,052.81 kmPortugal
93.9%
626.47 kmBelgium
93.4%
675.06 kmNetherlands
93%
663.01 kmDenmark
93%
1,189.42 kmItaly
91.3%
Distance Country % Correct
1,067.32 kmIceland
90.5%
1,087.27 kmSwitzerland
87.8%
1,251.43 kmAustria
85.9%
1,339.49 kmPoland
85%
882.13 kmLuxembourg
84.8%
1,210.57 kmAndorra
76.1%
1,298.24 kmCzechia
73.6%
1,386.02 kmMonaco
70.6%
1,262.79 kmLiechtenstein
70.2%
1,568.73 kmSlovenia
59.3%

You're not logged in!

Compare scores with friends on all Sporcle quizzes.
OR
Log In

You Might Also Like...

Show Comments

Extras

Top Quizzes Today


Score Distribution

Your Account Isn't Verified!

In order to create a playlist on Sporcle, you need to verify the email address you used during registration. Go to your Sporcle Settings to finish the process.

Report this User

Report this user for behavior that violates our Community Guidelines.

Details: